Holiday Bunker Quiz Stats

 Plays Quiz Updated Dec 25, 2017

Also try: Christmas Bunker
Challenge
Share
Tweet
Embed
Score 0/15 Timer 07:00
20 Plays Today
Question Answer % Correct
????
88.6%
????
83.3%
????
76.3%
????
74.9%
????
74.3%
????
67.8%
????
42.3%
????
42%
Question Answer % Correct
????
37.4%
????
29.5%
????
21.4%
????
16.5%
????
14%
????
9.2%
????
3.8%

You're not logged in!

Compare scores with friends on all Sporcle quizzes.
Join for Free
OR
Log In

You Might Also Like...

Show Comments

Extras

Top Quizzes Today


Score Distribution

Your Account Isn't Verified!

In order to create a playlist on Sporcle, you need to verify the email address you used during registration. Go to your Sporcle Settings to finish the process.

Report this User

Report this user for behavior that violates our Community Guidelines.

Details: